00506nam a2200121Ia 4500008004100000245019300041260003500234260000900269300000800278500001900286650001300305856006600318170516s9999 xx 000 0 und d aDevelopment and characterization of liquid and solid self-microemulsifying drug delivery system of Tacrolimus Hitesh K Patel, Pranav V Patel, Chetan K Misan, Dhaval S Mehta, Mandev B Patel bAsian Journal of Pharmaceutics c2012 a6:3 aJuly-September xPharmacy uhttp://www.asiapharmaceutics.info/index.php/ajp/issue/view/29